00633 2200205 4500001002100000005001500021035002000036007000300056008004100059020002200100082001000122084001600132100001900148245013300167250001100300260003500311300004100346650001300387700002700400INLIS00000000000201920260212083712 a0010-0226000029ta260212 g 0 ind  a978-979-3927-85-5 a154.7 a154.7 SET t0 aSetia I. Rusli1 aThe Secret Of Hypnosis :bMengungkap Rahasia Hipnosis Mencegah, Menghindari, dan Menghadapi Kejahatan Hipnosis /cSetia I. Rusli aCet. 3 aJakarta :bPenebar Plus,c2009 aiv + 124 hlm. :bilus. ;c14 x 20 cm aHipnotis0 aJohanes Ariffin Wijaya